Größten Städte des Römischen Reiches - Statistiken

Allgemein
  • Dieses Quiz wurde 4 mal gespielt
  • Das Durchschnittsergebnis liegt bei 18 aus 20
Antwortstatistiken
Land Einwohnerzahl Stadt % Korrekt
Ägypten 5.360.000 Alexandria
100%
Griechenland 3.638.281 Athen
100%
Spanien 1.640.000 Barcelona
100%
Ungarn 1.752.286 Budapest
100%
Türkei 15.701.602 Istanbul
100%
Ägypten 10.100.000 Kairo
100%
Deutschland 1.024.210 Köln
100%
England 9.089.736 London
100%
Spanien 3.416.771 Madrid
100%
Italien 907.000 Neapel
100%
Italien 2.746.984 Rom
100%
Österreich 2.028.399 Wien
100%
Israel 1.000.000 Jerusalem
75%
Frankreich 520.000 Lyon
75%
Italien 1.366.155 Mailand
75%
Frankreich 2.048.472 Paris
75%
Kroatien 162.476 Split
75%
Tunesien 1.050.000 Tunis
75%
Jordanien 4.061.150 Amman
50%
Griechenland 814.000 Thessaloniki
50%
Keine übereinstimmenden Quizze gefunden
Verteilung der Resultate
Anzahl Personen mit jedem Resultat
Perzentil nach korrekt beantworteten Fragen
Ihre Resultats-Entwicklung
Sie haben dieses Quiz noch nicht gespielt